| 000 | 00708nam a2200217Ia 4500 | ||
|---|---|---|---|
| 008 | 150520s9999 xx 000 0 und d | ||
| 050 | _aLB 1065 | ||
| 050 | _b.G146 2015 | ||
| 100 | _aGalang, Dwight Kriztoff Q. | ||
| 245 | _aLevels of self-motivation and academic performance of selected college students of southville international school and colleges / | ||
| 245 | _cDwight Kristoff Q. Galang. | ||
| 260 | _aLas Piñas, Philippines : | ||
| 260 | _bSISC, | ||
| 260 | _c2015. | ||
| 300 | _a51 pages : | ||
| 300 | _billustrations ; | ||
| 300 | _c28 cm. | ||
| 500 | _aIncludes bibliographical references and appendices. | ||
| 650 | _aAcademic achievement | ||
| 650 | _aMotivation in education | ||
| 999 |
_c284108 _d284108 |
||